| Registos Bibliográficos associados ao registo de autoridade |
|
Etiqueta de registo: 00230nam 2200025 450 001 1723680 003 http://id.bnportugal.gov.pt/bib/catbnp/1723680 100 ## $a20090903d1694 m y0pory0103 ba 101 0# $aita 102 ## $aIT 106 ## $ar 200 1# $aIl Fuoco ristretto, et vnito$eDiscorso prattico di mattematica in cui si dimostra con facilita vn nuouo modo di
far il fuoco, con polizia, commodita, & vtilita singolare per qualsiuoglia sorte di
persone$fdato in luce a beneficio vniuersale da Lorenzo Maria Pagliarini .. 210 #9 $aIn Roma$cper Dom. Antonio Ercole $csi vendono in Piazza Madama da Francesco Leone Libraro,$d1694 215 ## $a29, [3] p., [4] gravuras$cil.$d8º (15 cm) 307 ## $aGravura calcográfica gravada por N. Billy e del. por Ferd. Fab. 620 ## $dRoma 700 #1 $aPagliarini,$bLorenzo Maria,$ffl. 1694$31390579 702 #1 $aBilly,$bNicolo,$co velho,$ffl. 1689-1747$4530$3224860 702 #1 $aLeone,$bFrancesco,$ffl. 1670-1695$4160$31390585 702 #1 $aErcole,$bDomenico Antonio,$cfl. 1684-1726$4610$3830923 801 #0 $aPT$bBN$gRPC 966 ## $lBN$mFGMON$sS.A. 10904//3 P.
Etiqueta de registo: 00254nam 2200025 450 001 2285984 003 http://id.bnportugal.gov.pt/bib/catbnp/2285984 100 ## $a20260507d1734 m y0pory01030103ba 101 0# $alat 102 ## $aIT 105 ## $ay z 000yy 106 ## $ar 200 1# $aSummarium Martinus Episcopus. Seruus Seruorum Dei. Ad perpetuam rei memoriam$e[sentença relativa à causa dos Jerónimos na província de Portugal] 210 #9 $a[Roma]$ctypis Leone, & Mainardi,$d1734 215 ## $a[24] f.$d2º (28 cm) 304 ## $aTít. de apresentação do texto 306 ## $aPé de imprensa no cólofon 307 ## $aAssin.: A//10, A//4, A//4, A//6 327 11 $a1º cad.: "Summarium"; 2º cad.: "Facti"; 3º cad.: "Memoriale", 4º cad.: Memoriale add.
cum summario" 540 1# $aSentença relativa à causa dos Jerónimos na província de Portugal 620 ## $dRoma 702 #1 $aLeone,$bFrancesco,$ffl. 1670-1695$4610$31390585 702 #1 $aMainardi,$bGirolamo,$ffl. 1721-1763$4610$367245 710 02 $aIgreja Católica.$3920560 801 #0 $aPT$bBN$gRPC 966 ## $lBN$mRESMAN$sCOD. 7147, f. 273-296 971 ## $cpmesqui$d20260507 997 ## $aBIBEOD
Etiqueta de registo: 01401cam 2200313 450 001 682332 003 http://id.bnportugal.gov.pt/bib/catbnp/682332 005 19990106000000.0 095 ## $aPTBN00895886 100 ## $a19970521d1689 k y0pory0103 ba 101 0# $aita 102 ## $aIT 105 ## $ay z 000yy 106 ## $ar 200 1# $aSincero racconto delle cerimonie fatte nell'elezione del nuouo Sommo Pontefice Alessandro
VIII si in conclaue, come nella Basilica di San Pietro 210 #9 $aIn Roma$cper Gio. Francesco Buagni$csi vendono in Piazza Madama da Francesco Leone libraro,$d1689 215 ## $a[4] p.$d4º (21 cm) 307 ## $aNa p. de tít., xilogr. de Fama com o escudo do Papa Alexandre VIII 500 11 $aSincero racconto delle cerimonie fatte nell'elezione del nuouo sommo pontefice Alessandro
VIII 620 ## $dRoma 702 #1 $aBuagni,$bGiovanni Francesco,$ffl. 1687-1721$4610$392337 702 #1 $aLeone,$bFrancesco,$ffl. 1670-1695$4650$31390585 801 #0 $aPT$bBN$gRPC 856 42 $zrosto$uhttp://patrimonia.porbase.org/hg-4084-3-p/hg-4084-3-p_y-01_rosto_t24-C-R0150.jpg$2rosto 856 40 $uhttps://purl.pt/28562 856 41 $uhttps://purl.pt/28562/service/media/cover/low 856 49 $uhttps://purl.pt/28562/service/media/pdf$qapplication/pdf 958 ## $aBND$bLivre$cDigitalizado$d1$ehttps://purl.pt/28562/service/media/cover/max 966 ## $lBN$mFGMON$sH.G. 4084//3 P.
Etiqueta de registo: 00254nam 2200025 450 001 2285981 003 http://id.bnportugal.gov.pt/bib/catbnp/2285981 100 ## $a20260507d1734 m y0pory01030103ba 101 0# $alat 102 ## $aIT 105 ## $ay z 000yy 106 ## $ar 200 1# $a [ Sentença favorável ao Mosteiro de São Bento da Saúde, na causa que o opôs ao Convento
dos Jerónimos de Belém]$efacti cum summario 210 #9 $a[Roma]$ctypis Leone, & Mainardi,$d1734 215 ## $a[8 f.?]$d2º (28 cm) 306 ## $aPé de imprensa no cólofon 316 ## $aExemplar truncado e incompleto$5PTBN: COD. 7147, f. 269-272 620 ## $dRoma 702 #1 $aLeone,$bFrancesco,$ffl. 1670-1695$4610$31390585 702 #1 $aMainardi,$bGirolamo,$ffl. 1721-1763$4610$367245 710 02 $aIgreja Católica.$3920560 801 #0 $aPT$bBN$gRPC 966 ## $lBN$mRESMAN$sCOD. 7147, f. 269-272 971 ## $cpmesqui$d20260507 997 ## $aBIBEOD
Etiqueta de registo: 00254nam 2200025 450 001 2285976 003 http://id.bnportugal.gov.pt/bib/catbnp/2285976 100 ## $a20260507d1734 m y0pory01030103ba 101 0# $alat$cita 102 ## $aIT 105 ## $ay z 000yy 106 ## $ar 200 1# $aSummarium Clemens PP. X.$e[sentença na causa relativa aos Jerónimos da província de Portugal] 210 #9 $a[Roma]$ctypis Leone, & Mainardi,$d1734 215 ## $a[30] f.$d2º (28 cm) 304 ## $aTít. de apresentação do texto 306 ## $aPé de imprensa no cólofon 307 ## $aAssin.: A//6, A//6, A//8, A//6, A//4 316 ## $aExemplar com várias f. recortadas na margem, com f- manuscritas enxertadas$5PTBN: COD. 7147, f. 219-244, 252-255 316 ## $aExemplar incompleto, apenas com os 2 primeiros cad.$5PTBN: COD. 7147, f. 257-268 327 11 $a1º cad.: "Summarium"; 2º cad.: "Memoriale reassumatur ex gratia viden."; 3º cad.:
"Facti cum Summario"; 4º cad.: "Summarium"; 5º cad.: "Memoriale additionale cum summario
ex gratia viden."; 6º cad.: Memoriale additionale cum summario" 540 1# $aSentença na causa relativa aos Jerónimos da província de Portugal 620 ## $dRoma 702 #1 $aLeone,$bFrancesco,$ffl. 1670-1695$4610$31390585 702 #1 $aMainardi,$bGirolamo,$ffl. 1721-1763$4610$367245 710 02 $aIgreja Católica.$3920560 801 #0 $aPT$bBN$gRPC 966 ## $lBN$mRESMAN$sCOD. 7147, f. 219-244, 252-255 966 ## $lBN$mRESMAN$sCOD. 7147, f. 257-268 971 ## $cpmesqui$d20260507 997 ## $aBIBEOD
|
|
|